Conférences du Réverend Pére de Ravignan. (Record no. 162983)
[ view plain ]
| 000 -LEADER | |
|---|---|
| campo de control de longitud fija | 01105nam a2200205 i 4500 |
| 001 - NÚMERO DE CONTROL | |
| campo de control | 162983 |
| 003 - IDENTIFICADOR DE NÚMERO DE CONTROL | |
| campo de control | ES-MaACL |
| 005 - FECHA Y HORA DE LA ÚLTIMA TRANSACCIÓN | |
| campo de control | 20250722063155.0 |
| 008 - DATOS DE LONGITUD FIJA--INFORMACIÓN GENERAL | |
| campo de control de longitud fija | 020919s1860 fr |||| | fre d |
| 100 1# - ENTRADA PRINCIPAL--NOMBRE DE PERSONA | |
| Nombre de persona | Ravignan, Gustave-Xavier de La Croix de, |
| Fechas asociadas al nombre | 1795-1858 |
| 9 (RLIN) | 175876 |
| 245 10 - MENCIÓN DEL TÍTULO | |
| Título | Conférences du Réverend Pére de Ravignan. |
| 260 ## - PUBLICACIÓN, DISTRIBUCIÓN, ETC. | |
| Lugar de publicación, distribución, etc. | Paris : |
| Nombre del editor, distribuidor, etc. | Poussielgue-Rusand, |
| Fecha de publicación, distribución, etc. | 1860 ( |
| Lugar de fabricación/manufactura | Tours : |
| Fabricante | Mame.) |
| 300 ## - DESCRIPCIÓN FÍSICA | |
| Extensión | 4 v. (VII, 544 p. [1] h. de lám. plegada ms. ; 630 p. ; 596 p. ; 655 p.) ; |
| Dimensiones | 23 cm. |
| 505 8# - NOTA DE CONTENIDO CON FORMATO | |
| Nota de contenido con formato | Contiene: I. Conférences prêchées a notre-dame de Paris de 1837 a 1846 - II. Conférences prêchées a notre-dame de Paris de 1837 a 1846 - III. Conférences prêchées a notre-dame de Paris de 1837 a 1846 - IV. Le décalogue considéré comme loi de respect. |
| 594 ## - Nota al título y mención de responsabilidad | |
| Nota al título y mención de responsabilidad | El contenido del v. IV, según consta en el tít., es "Conférences de 1847 et discours divers"; el tít. que consta en la descripción consta en p.1, pero no en port. |
| 597 ## - NOTA DE DESCRIPCIÓN FÍSICA | |
| NOTA DE DESCRIPCIÓN FÍSICA | Antep. |
| 597 ## - NOTA DE DESCRIPCIÓN FÍSICA | |
| NOTA DE DESCRIPCIÓN FÍSICA | Marc. tip. en port. |
| 852 4# - LOCALIZACIÓN | |
| Ubicación | ES-MaACL |
| Número de control de estantería | G-8326-29 |
| Nota libre | - Enc. hol. |
| Estatus retirado | Estado de pérdida | Estado de daño | No para préstamo | Colección | Biblioteca de origen | Biblioteca actual | Ubicación en estantería | Fecha de adquisición | Fuente de adquisición | Total de préstamos | Signatura topográfica completa | Código de barras | Visto por última vez | Precio de reemplazo | Tipo de ítem Koha |
|---|---|---|---|---|---|---|---|---|---|---|---|---|---|---|---|
| Libros del s. XIX | Biblioteca del Ateneo de Madrid | Biblioteca del Ateneo de Madrid | Sala Pecera Planta 3 | 17/01/2008 | G-8326-8329 | 1170764 | 23/02/2023 | 23/02/2023 | Libro impreso antiguo |
